000 00501nam a22001817a 4500
005 20240305133554.0
008 240305b |||||||| |||| 00| 0 eng d
020 _a9781292100555
082 _a005.13
_bSEB-C
100 _aSebaeta, Robert W.
245 _aConcepts of programming languages /
_cRobert W.Sebesta
250 _a11th ed.
260 _aindia;
_bpearson;
_c2016.
300 _a785 p. :
_bill,
_c24 cm.
500 _aInclude index.
650 _acomputer science/programming
999 _c35221
_d35221